| 000 | 00855nam a2200229 a 4500 | ||
|---|---|---|---|
| 005 | 20240925065158.0 | ||
| 008 | 080508m19631954fr r 000 0 fre d | ||
| 035 | _aUPN01000155812 | ||
| 049 | _aCG | ||
| 050 | 4 |
_aHM251 _bD2.7 |
|
| 100 | 1 |
_aDaval, Roger, _d1911- |
|
| 245 | 1 | 0 |
_aTraité de psychologie sociale / _cRoger Daval ; [colab.] Francois Bourricaud, Yves Delamotter et Roland Doron ; pref. Jean Stoetzel. |
| 260 |
_aParis : _bPresses Universitaires de France, _c1963-1954. |
||
| 300 |
_a2 v. : _bil. |
||
| 440 | 0 | _aLogos | |
| 505 | 8 |
_aContenido: _gv.1. _tSciences humaines et psychologie sociale les méthodes -- _gv.2. _tRecherches en psychosociologic appliquée |
|
| 650 | 4 |
_aPsicología social _95889 |
|
| 700 | 1 |
_aBourricaud, Francois, _ecolab. |
|
| 700 | 1 |
_aDelamotter, Yves, _ecolab. |
|
| 700 | 1 |
_aDoron, Roland, _ecolab. |
|
| 905 | _aLibro | ||
| 999 |
_c127926 _d127926 |
||